Normal view
MARC view
Entry Personal Name
001 - CONTROL NUMBER
- control field: 11727
003 - CONTROL NUMBER IDENTIFIER
- control field: OSt
005 - DATE AND TIME OF LATEST TRANSACTION
- control field: 20170301182116.0
008 - FIXED-LENGTH DATA ELEMENTS
- fixed length control field: 170301|| aca||aabn | a|a d
040 ## - CATALOGING SOURCE
- Original cataloging agency: OSt
- Transcribing agency: OSt
100 ## - HEADING--PERSONAL NAME
- Personal name: Edited by Bengtsson,Lennart.O;Hammer,U.Claus;
670 ## - SOURCE DATA FOUND
- Source citation: Work cat.: (OSt): Edited by Bengtsson,Lennart.O;Hammer,U.Claus;, Geosphere-Biosphere Interactions and Climate., 2001.
